00525nam a2200157Ia 450000500170000000800410001708200130005810000210007124500420009226000390013430000170017350000570019094200060024795200990025399900150035220250405170240.0240331s9999 xx 000 0 und d bSIVa894 aSivakumaran, S.K 0aEelaththuch chiru kathaith thohupuhal aColombobSevwandi ( Pvt) Ltdc1998 avi, 154 p ., aSri Lankan Short Story Collections Critical Insights cL 001040708LaWERCLbWERCLcSSCd2024-03-31l0o 894.811 SIVp2617r2024-03-31w2024-03-31yL c3786d3786